000 00670nam a2200217 4500
001 137428
003 ES-MaACL
005 20230906195353.0
007 t|
008 070214s1957 sp r ||||1| spa d
100 1 _aSánchez Aliseda, Casimiro.
_9102445
245 1 0 _aCuaresma y Semana Santa
_b: orientaciones de pastoral litúrgica /
_cCasimiro Sánchez Aliseda.
260 _aMadrid :
_bEuramérica,
_c1957.
300 _a294 p. ;
_c18 cm.
490 1 _aMundo mejor. Serie VII ;
_v3
650 0 0 _aCuaresma.
_911464
650 0 0 _aSemana Santa.
_917034
830 1 _aMundo mejor. Serie VII ;
_v3
_9220086
852 _aES-MaACL
_jC-12603
999 _c137428
_d137428